000 00516nam a2200205Ia 4500
003 OSt
005 20230427103735.0
008 210423s2009 xx 000 0 und d
020 _a9781851685356
040 _cAL
041 _aeng
082 _a891.55 LEWR
_223
100 _aLewis (Franklin D).
_993739
245 _aRumi: swallowing the sun.
260 _aOxford
_bOne World Publications
_c2009
300 _axxxiii,203
_bPB
365 _b250
_cINR
906 _aRumi: ; sun. ; swallowing
942 _2ddc
_cBK
999 _c161763
_d161763